[Event "2BLW 1819 SC Hansa Dortmund - TSV Schot"]
[Site "?"]
[Date "2018.10.21"]
[Round "1.1"]
[White "Lobron, Eric"]
[Black "Scholz, Christian"]
[Result "1/2-1/2"]
[WhiteElo "2506"]
[BlackElo "2386"]
[PlyCount "146"]
[EventDate "2018.??.??"]

1. Nf3 Nf6 2. g3 g6 3. b3 Bg7 4. Bb2 d6 5. d4 O-O 6. Bg2 e5 7. dxe5 Ng4 8. O-O
Nxe5 9. Nxe5 dxe5 10. Qxd8 Rxd8 11. Na3 Nc6 12. Rfd1 Bg4 13. Bxc6 bxc6 14. f3
Be6 15. Bc3 Bf8 16. Nc4 Bc5+ 17. Kf1 Bxc4 18. bxc4 f6 19. Rxd8+ Rxd8 20. Rb1
Kf7 21. a4 Ke6 22. e4 h5 23. Ke2 f5 24. Rb7 Kd6 25. a5 fxe4 26. fxe4 Rf8 27.
Be1 a6 28. Rb3 Bd4 29. Bb4+ c5 30. Be1 g5 31. Rf3 Rxf3 32. Kxf3 g4+ 33. Ke2 Bg1
34. Bd2 Bxh2 35. Kf2 h4 36. gxh4 Ke6 37. Be3 Kf6 38. Bxc5 Bf4 39. Ke2 Kg6 40.
Bb6 c6 41. Bd8 Bg3 42. Kf1 Kh5 43. Bf6 Bxh4 44. Bxe5 Bd8 45. Bc3 Bc7 46. Kf2
Kg5 47. Bd2+ Kf6 48. Bc3+ Ke6 49. Ke3 Bg3 50. Ke2 Be5 51. Be1 Kf6 52. Bh4+ Kg6
53. Bd8 Kf7 54. Bb6 Kf6 55. Ke3 Bh2 56. Bd8+ Ke6 57. Bb6 Kd6 58. Ke2 Bf4 59.
Bf2 Ke5 60. Kd3 Bc1 61. Bg3+ Bf4 62. Bf2 Bc1 63. Bg3+ Bf4 64. Bf2 g3 65. Bd4+
Kd6 66. Ke2 c5 67. Bc3 Ke6 68. Kf3 Be5 69. Be1 Bc7 70. Kg2 Kf6 71. Kf3 Ke6 72.
Kg2 Kf6 73. Kf3 Ke6 1/2-1/2

[Event "2BLW 1819 SC Hansa Dortmund - TSV Schot"]
[Site "?"]
[Date "2018.10.21"]
[Round "1.2"]
[White "Ackermann, Hans Werner"]
[Black "Cicak, Slavko"]
[Result "0-1"]
[WhiteElo "2268"]
[BlackElo "2494"]
[PlyCount "60"]
[EventDate "2018.??.??"]

1. Nf3 c5 2. b3 b6 3. g3 Bb7 4. Bg2 d6 5. Bb2 Nd7 6. d4 cxd4 7. Qxd4 Ngf6 8.
O-O g6 9. c4 Bg7 10. Nc3 Rc8 11. Rac1 a6 12. Rfe1 O-O 13. Qd2 b5 14. cxb5 axb5
15. Nd4 Bxg2 16. Kxg2 b4 17. Na4 Qa5 18. Nc2 Nc5 19. Qxb4 Qa8+ 20. Kg1 Nd5 21.
Qa3 Bh6 22. f4 Bxf4 23. gxf4 Nxf4 24. e4 Nxe4 25. Nb6 Qb7 26. Re3 Ng5 27. Ne1
Qxb6 28. b4 Ngh3+ 29. Kf1 Qb5+ 30. Nd3 Qd5 0-1

[Event "2BLW 1819 SC Hansa Dortmund - TSV Schot"]
[Site "?"]
[Date "2018.10.21"]
[Round "1.3"]
[White "Schenderowitsch, Michael"]
[Black "Kotter, Ralf"]
[Result "1/2-1/2"]
[WhiteElo "2333"]
[BlackElo "2389"]
[PlyCount "41"]
[EventDate "2018.??.??"]

1. d4 Nf6 2. c4 e6 3. Nf3 b6 4. g3 Ba6 5. b3 Bb4+ 6. Bd2 Be7 7. Bg2 d5 8. Ne5
c6 9. Bc3 Ne4 10. O-O f6 11. Nd3 Bd6 12. Bb2 O-O 13. Qc2 Qe7 14. f3 Ng5 15. e4
dxe4 16. fxe4 e5 17. dxe5 fxe5 18. Rxf8+ Qxf8 19. Nd2 Nd7 20. h4 Nf7 21. Nf3
1/2-1/2

[Event "2BLW 1819 SC Hansa Dortmund - TSV Schot"]
[Site "?"]
[Date "2018.10.21"]
[Round "1.4"]
[White "Kalka, Arkadius Georg"]
[Black "Lisanti, Andre"]
[Result "1-0"]
[WhiteElo "2330"]
[BlackElo "2216"]
[PlyCount "117"]
[EventDate "2018.??.??"]

1. e4 Nf6 2. Nc3 e5 3. Nf3 d6 4. d4 Nbd7 5. Bc4 Be7 6. a4 O-O 7. a5 c6 8. h3
Qc7 9. O-O b5 10. axb6 Nxb6 11. Ba6 Be6 12. Qe2 Rfe8 13. b3 exd4 14. Nxd4 Bf8
15. Bf4 Nbd7 16. Na4 g6 17. Rfe1 Nh5 18. Bh2 Bh6 19. Bc4 Bxc4 20. Qxc4 Rac8 21.
Nb2 Bd2 22. Re2 Bf4 23. g3 Be5 24. f4 Bg7 25. Rae1 Nb6 26. Qd3 Qd7 27. g4 c5
28. Nb5 Bxb2 29. gxh5 c4 30. bxc4 Nxc4 31. Nc3 Ne5 32. fxe5 Rxc3 33. Qxd6 Qxh3
34. e6 Qxe6 35. Qxe6 Rxe6 36. Rb1 Ba3 37. h6 Rc8 38. Bf4 Be7 39. Rb7 Bd8 40.
Kg2 g5 41. Bb8 a5 42. e5 Rxh6 43. Bd6 Re6 44. Rf2 f6 45. c4 Ra8 46. c5 a4 47.
Kg3 h5 48. Rh2 h4+ 49. Kg4 fxe5 50. Rf2 Bf6 51. Kf5 Rae8 52. Rd7 e4 53. c6 Be5
54. Bxe5 e3 55. Rg7+ Kf8 56. Rf3 e2 57. Kxg5+ Rf6 58. Kxf6 e1=N 59. Bd6+ 1-0

[Event "2BLW 1819 SC Hansa Dortmund - TSV Schot"]
[Site "?"]
[Date "2018.10.21"]
[Round "1.5"]
[White "Gohil, Harry"]
[Black "Sundorf, Jannik"]
[Result "1-0"]
[WhiteElo "2229"]
[BlackElo "2175"]
[PlyCount "59"]
[EventDate "2018.??.??"]

1. d4 Nf6 2. Bg5 e6 3. e4 h6 4. Bxf6 Qxf6 5. c3 d6 6. Bd3 g6 7. Ne2 Bg7 8. O-O
Qe7 9. f4 O-O 10. Nd2 Nd7 11. e5 b6 12. Be4 d5 13. Bd3 a5 14. Nf3 c5 15. g4 Ba6
16. Bxa6 Rxa6 17. f5 gxf5 18. gxf5 exf5 19. Nf4 cxd4 20. cxd4 Nxe5 21. dxe5
Bxe5 22. Nxe5 Qxe5 23. Qd2 d4 24. Rae1 Qd6 25. Qd3 Ra7 26. Qxf5 Rd8 27. Re5 Re7
28. Rd5 Qc7 29. Rxd8+ Qxd8 30. Nd5 1-0

[Event "2BLW 1819 SC Hansa Dortmund - TSV Schot"]
[Site "?"]
[Date "2018.10.21"]
[Round "1.6"]
[White "Linker, Walter"]
[Black "Mueller, Marco"]
[Result "1/2-1/2"]
[WhiteElo "2084"]
[BlackElo "2226"]
[PlyCount "39"]
[EventDate "2018.??.??"]

1. f4 d5 2. Nf3 Nf6 3. e3 g6 4. b3 Bg7 5. Bb2 O-O 6. Be2 c5 7. O-O Nc6 8. Ne5
Qc7 9. Nxc6 Qxc6 10. Bf3 Be6 11. d3 Rad8 12. Nd2 Qc7 13. Be5 Qc8 14. Qe1 Rfe8
15. Rc1 b5 16. e4 dxe4 17. Nxe4 c4 18. dxc4 bxc4 19. Bxf6 exf6 20. Qa5 {(=)}
1/2-1/2

[Event "2BLW 1819 SC Hansa Dortmund - TSV Schot"]
[Site "?"]
[Date "2018.10.21"]
[Round "1.7"]
[White "Werner, Dimo"]
[Black "Burchert, Wolfgang"]
[Result "1/2-1/2"]
[WhiteElo "1992"]
[BlackElo "2057"]
[PlyCount "84"]
[EventDate "2018.??.??"]

1. d4 Nf6 2. c4 e6 3. g3 c5 4. Nf3 cxd4 5. Nxd4 d5 6. Bg2 e5 7. Nb3 d4 8. O-O
Nc6 9. f4 Bd6 10. fxe5 Bxe5 11. Bf4 Ng4 12. Bxc6+ bxc6 13. Bxe5 Nxe5 14. Qxd4
Qxd4+ 15. Nxd4 Nxc4 16. b3 Ne5 17. Nd2 O-O 18. N2f3 Re8 19. Rfc1 Ba6 20. Nxe5
Rxe5 21. Rxc6 Bb7 22. Rc7 Be4 23. Rac1 g6 24. Rc8+ Rxc8 25. Rxc8+ Kg7 26. Kf2
Re7 27. b4 Kf6 28. b5 Rb7 29. a4 Ke7 30. Nb3 Bf5 31. Rc3 Kd6 32. Rc6+ Kd5 33.
Ke3 Re7+ 34. Kd2 Bg4 35. e3 Re4 36. Nd4 Re7 37. Kd3 Bh3 38. Rc1 Bg2 39. Ne2
Be4+ 40. Kd2 Rd7 41. Nd4 Bg2 42. Rc6 Re7 1/2-1/2

[Event "2BLW 1819 SC Hansa Dortmund - TSV Schot"]
[Site "?"]
[Date "2018.10.21"]
[Round "1.8"]
[White "Prueske, Wolfgang"]
[Black "Siebenhaar, Erich"]
[Result "1/2-1/2"]
[WhiteElo "1973"]
[BlackElo "2046"]
[PlyCount "34"]
[EventDate "2018.??.??"]

1. e4 Nf6 2. e5 Nd5 3. d4 d6 4. c4 Nb6 5. exd6 cxd6 6. d5 g6 7. Bd3 Bg7 8. Ne2
N8d7 9. Nbc3 Nc5 10. b3 Nxd3+ 11. Qxd3 O-O 12. Be3 Nd7 13. Bd4 Nf6 14. O-O Bf5
15. Qd2 a6 16. Ng3 Bd7 17. Nge4 Nxe4 {(=)} 1/2-1/2

[Event "2BLW 1819 DJK Aachen II - SG Solingen I"]
[Site "?"]
[Date "2018.10.21"]
[Round "1.1"]
[White "Nikolic, Predrag"]
[Black "Dambacher, Martijn"]
[Result "1/2-1/2"]
[WhiteElo "2577"]
[BlackElo "2504"]
[PlyCount "101"]
[EventDate "2018.??.??"]

1. d4 f5 2. g3 Nf6 3. Bg2 e6 4. c4 d5 5. Nf3 c6 6. O-O Bd6 7. Qc2 O-O 8. Nc3
Qe7 9. a3 Nbd7 10. cxd5 exd5 11. b4 a6 12. Bf4 Bxf4 13. gxf4 Ne4 14. e3 Ndf6
15. Ne5 Be6 16. f3 Nd6 17. Rfe1 Kh8 18. Qf2 Nd7 19. Nd3 Nb5 20. Rec1 Nb6 21. a4
Nxc3 22. Rxc3 Nc4 23. a5 Rg8 24. Kh1 g5 25. fxg5 Rxg5 26. Rb3 Rag8 27. Nf4 Bd7
28. Re1 R5g7 29. Rbb1 Re8 30. Re2 Qd6 31. Nd3 f4 32. Nxf4 Nxe3 33. Rxe3 Qxf4
34. Rxe8+ Bxe8 35. Re1 Bd7 36. Qe3 Qxe3 37. Rxe3 Rf7 38. Kg1 Kg7 39. Kf2 Kf6
40. Re5 Rg7 41. Bf1 Bf5 42. Re8 Kf7 43. Rb8 Kf6 44. Ke3 Rf7 45. h4 Kg6 46. Kf2
Kh5 47. Kg3 Rg7+ 48. Kf4 Rf7 49. Kg3 Rg7+ 50. Kf4 Rf7 51. Kg3 {(=)} 1/2-1/2

[Event "2BLW 1819 DJK Aachen II - SG Solingen I"]
[Site "?"]
[Date "2018.10.21"]
[Round "1.2"]
[White "Van Dooren, Dirk"]
[Black "Chanda, Sandipan"]
[Result "0-1"]
[WhiteElo "2332"]
[BlackElo "2535"]
[PlyCount "96"]
[EventDate "2018.??.??"]

1. e4 c5 2. Nf3 d6 3. d4 cxd4 4. Nxd4 Nf6 5. Nc3 a6 6. h3 e6 7. g4 Nfd7 8. g5
b5 9. a3 Bb7 10. Be3 Be7 11. h4 Nc6 12. Qd2 O-O 13. O-O-O Rb8 14. f3 Nxd4 15.
Bxd4 Bc6 16. Na2 a5 17. Kb1 d5 18. Bc3 b4 19. axb4 axb4 20. Nxb4 Bxb4 21. Bxb4
Qb6 22. Bc3 dxe4 23. g6 fxg6 24. fxe4 Nf6 25. Bd3 Nxe4 26. Bxe4 Bxe4 27. Rh2
Rfd8 28. Qe1 Qb3 29. Rhd2 Rxd2 30. Qxd2 Ra8 31. Qe2 Bxc2+ 32. Qxc2 Ra1+ 33.
Kxa1 Qxc2 34. Rd8+ Kf7 35. Rd7+ Ke8 36. Rxg7 Qa4+ 37. Kb1 Qxh4 38. b4 e5 39.
Kb2 e4 40. Kb3 Qh5 41. Kc4 Qe2+ 42. Kd5 e3 43. Rxh7 Qd3+ 44. Bd4 e2 45. Rh8+
Kd7 46. Rh7+ Kc8 47. Re7 Kd8 48. Ra7 e1=Q 0-1

[Event "2BLW 1819 DJK Aachen II - SG Solingen I"]
[Site "?"]
[Date "2018.10.21"]
[Round "1.3"]
[White "Wegerle, Joerg"]
[Black "Buscher, Michael"]
[Result "1/2-1/2"]
[WhiteElo "2405"]
[BlackElo "2393"]
[PlyCount "39"]
[EventDate "2018.??.??"]

1. d4 f5 2. Nc3 d5 3. Bg5 Nf6 4. Bxf6 exf6 5. e3 Be6 6. Nge2 Qd7 7. Nf4 Bb4 8.
Qd2 Bf7 9. a3 Bxc3 10. Qxc3 Qd6 11. Bd3 g6 12. h4 Nd7 13. g3 O-O-O 14. a4 Kb8
15. a5 c5 16. Qa3 Qc7 17. c3 Rhe8 18. Bb5 c4 19. Kd2 Re4 20. Bxd7 {(=)} 1/2-1/2

[Event "2BLW 1819 DJK Aachen II - SG Solingen I"]
[Site "?"]
[Date "2018.10.21"]
[Round "1.4"]
[White "Skulener, Wladimir"]
[Black "Schroeder, Kevin"]
[Result "1-0"]
[WhiteElo "2388"]
[BlackElo "2319"]
[PlyCount "69"]
[EventDate "2018.??.??"]

1. d4 g6 2. e4 Bg7 3. c4 c6 4. Nc3 Na6 5. Be3 Nc7 6. f4 d5 7. cxd5 cxd5 8. e5
Nh6 9. h3 O-O 10. g4 f6 11. Bg2 fxe5 12. fxe5 b6 13. Qd2 Nf7 14. Nge2 Ba6 15.
h4 e6 16. g5 Qe8 17. h5 Nb5 18. O-O-O Rc8 19. Kb1 Rc4 20. Nxb5 Bxb5 21. hxg6
Nxe5 22. gxh7+ Kh8 23. Nf4 Rxf4 24. Bxf4 Qg6+ 25. Ka1 Nc6 26. Bf1 Nxd4 27. Bd3
Nf5 28. Bxc4 Bxc4 29. Qe1 Qe8 30. Be5 Qa4 31. Bxg7+ Nxg7 32. b3 Bxb3 33. Rd2
Bc2 34. Qe5 Be4 35. Qxg7+ 1-0

[Event "2BLW 1819 DJK Aachen II - SG Solingen I"]
[Site "?"]
[Date "2018.10.21"]
[Round "1.5"]
[White "Schaefer, Markus"]
[Black "Gulbas, Cemil"]
[Result "1/2-1/2"]
[WhiteElo "2380"]
[BlackElo "2393"]
[PlyCount "33"]
[EventDate "2018.??.??"]

1. e4 c5 2. Nf3 e6 3. d4 cxd4 4. Nxd4 Nf6 5. Nc3 d6 6. Be2 a6 7. a4 Nc6 8. Be3
Bd7 9. Nb3 b6 10. f4 Be7 11. O-O O-O 12. Bf3 Qc7 13. Qe2 Rfc8 14. Qf2 Rab8 15.
Qg3 Bf8 16. Be2 Qb7 17. e5 {(=)} 1/2-1/2

[Event "2BLW 1819 DJK Aachen II - SG Solingen I"]
[Site "?"]
[Date "2018.10.21"]
[Round "1.6"]
[White "Mastalerz, Xavier"]
[Black "Michalczak, Thomas"]
[Result "1/2-1/2"]
[WhiteElo "2247"]
[BlackElo "2160"]
[PlyCount "65"]
[EventDate "2018.??.??"]

1. Nf3 Nf6 2. g3 g6 3. Bg2 Bg7 4. O-O O-O 5. d4 d5 6. c4 c6 7. cxd5 cxd5 8. Ne5
Nfd7 9. Nxd7 Qxd7 10. Nc3 e6 11. b3 Nc6 12. e3 b6 13. Ba3 Rd8 14. Qd3 a5 15.
Rfd1 Ba6 16. Qd2 Ne7 17. Rac1 Nf5 18. Na4 Rab8 19. Qe1 Bb5 20. Nc3 Ba6 21. Bf1
Bxf1 22. Qxf1 b5 23. Bc5 h5 24. a4 bxa4 25. bxa4 Rdc8 26. Nb5 Bf6 27. Ba3 Be7
28. Bxe7 Qxe7 29. Qe1 Qd8 30. Rxc8 Rxc8 31. Rc1 Rxc1 32. Qxc1 Nd6 33. Nxd6 {(=)
} 1/2-1/2

[Event "2BLW 1819 DJK Aachen II - SG Solingen I"]
[Site "?"]
[Date "2018.10.21"]
[Round "1.7"]
[White "Hobusch, Jan"]
[Black "Herman, Jean"]
[Result "1-0"]
[WhiteElo "2186"]
[BlackElo "2299"]
[PlyCount "113"]
[EventDate "2018.??.??"]

1. d4 d5 2. Bf4 Nf6 3. e3 Bf5 4. c4 c6 5. Qb3 Qb6 6. Nc3 Nbd7 7. Nf3 e6 8. h3
h6 9. c5 Qxb3 10. axb3 a6 11. b4 Rc8 12. Be2 Be7 13. O-O Bd8 14. Nd2 Bc7 15.
Bxc7 Rxc7 16. b5 Nb8 17. bxa6 Nxa6 18. Bxa6 bxa6 19. Rxa6 O-O 20. Rfa1 Rb8 21.
Ra8 Rcb7 22. Rxb8+ Rxb8 23. b3 e5 24. Nf3 Rxb3 25. Ne2 exd4 26. Nexd4 Rb1+ 27.
Rxb1 Bxb1 28. Nd2 Ba2 29. Nxc6 Nd7 30. Nb4 Bc4 31. Nxc4 dxc4 32. c6 Nb6 33. c7
f5 34. Nd5 Nc8 35. g4 fxg4 36. hxg4 Kf7 37. f4 Ke6 38. e4 Nd6 39. Nc3 Kd7 40.
Kf2 Kxc7 41. Ke3 Nf7 42. Kd4 Kd7 43. e5 Ke8 44. Ne4 g6 45. Nf6+ Ke7 46. Kxc4 g5
47. Nd5+ Kf8 48. e6 gxf4 49. exf7 f3 50. Kd3 Kxf7 51. Nf4 Kf6 52. Ke3 Kg5 53.
Kxf3 Kh4 54. Nh5 Kg5 55. Kg3 Kg6 56. Kf4 Kh7 57. Kf5 1-0

[Event "2BLW 1819 DJK Aachen II - SG Solingen I"]
[Site "?"]
[Date "2018.10.21"]
[Round "1.8"]
[White "Juegel, Marcel"]
[Black "Kniest, Oliver"]
[Result "1/2-1/2"]
[WhiteElo "2187"]
[BlackElo "2313"]
[PlyCount "100"]
[EventDate "2018.??.??"]

1. d4 Nf6 2. Nf3 e6 3. Bf4 c5 4. e3 d5 5. Nbd2 Nc6 6. c3 Bd6 7. Ne5 Qc7 8. Bb5
O-O 9. Bxc6 bxc6 10. Qa4 Nh5 11. Bg3 cxd4 12. cxd4 Nxg3 13. hxg3 Bxe5 14. dxe5
Qxe5 15. Qc2 g6 16. Nb3 Rb8 17. Qxc6 Qxb2 18. O-O Qa3 19. Rfc1 Ba6 20. Qc5 Qb4
21. Qxb4 Rxb4 22. Rc7 Rb7 23. Rac1 Rfb8 24. R7c5 Bc4 25. Ra5 a6 26. Nd2 Be2 27.
Nb3 Rb6 28. Rc7 R8b7 29. Rc8+ Kg7 30. Kh2 Rb8 31. Rc7 R6b7 32. Rc6 Bc4 33. g4
Rb6 34. Rc7 R8b7 35. Rc8 Rb8 36. Rc7 h6 37. Nc5 Re8 38. Kg3 Rb5 39. Ra4 Rb2 40.
a3 Rb6 41. Ra7 Rc8 42. Nd7 Rbc6 43. Rb4 Bb5 44. a4 Rc4 45. Rxc4 dxc4 46. axb5
c3 47. Ne5 c2 48. Nd3 Rd8 49. bxa6 Rxd3 50. Rc7 Ra3 1/2-1/2

[Event "2BLW 1819 SV Koblenz - SC Remagen Sinzi"]
[Site "?"]
[Date "2018.10.21"]
[Round "1.1"]
[White "Chatalbashev, Boris"]
[Black "Balog, Imre"]
[Result "0-1"]
[WhiteElo "2527"]
[BlackElo "2554"]
[PlyCount "76"]
[EventDate "2018.??.??"]

1. Nf3 d5 2. g3 c5 3. Bg2 Nc6 4. d4 Nf6 5. O-O Bg4 6. Ne5 cxd4 7. Nxg4 Nxg4 8.
c4 dxc4 9. Na3 Nge5 10. Qa4 Qa5 11. Qxa5 Nxa5 12. Nb5 O-O-O 13. Nxa7+ Kb8 14.
Nb5 Nec6 15. e3 e5 16. exd4 Nxd4 17. Nxd4 exd4 18. Bd2 Nc6 19. Rac1 Ne5 20. f4
c3 21. fxe5 cxd2 22. Rcd1 Rd7 23. Bh3 Rc7 24. Rxd2 Bb4 25. Rd3 Re8 26. a3 Ba5
27. Kh1 Rxe5 28. Rxd4 Re2 29. Rh4 h6 30. b4 Bb6 31. a4 Rcc2 32. Bf5 Rb2 33. Bd3
Red2 34. Bb5 Bd8 35. Rh3 Rxb4 36. Rxf7 Bf6 37. Bf1 Rb1 38. Kg1 Rdd1 0-1

[Event "2BLW 1819 SV Koblenz - SC Remagen Sinzi"]
[Site "?"]
[Date "2018.10.21"]
[Round "1.2"]
[White "Sulskis, Sarunas"]
[Black "Dgebuadze, Alexandre"]
[Result "0-1"]
[WhiteElo "2525"]
[BlackElo "2484"]
[PlyCount "71"]
[EventDate "2018.??.??"]

1. e4 e6 2. d4 d5 3. Nc3 Bb4 4. e5 c5 5. a3 Bxc3+ 6. bxc3 Qa5 7. Bd2 Qa4 8. Rb1
c4 9. h4 Nc6 10. h5 h6 11. Ne2 Qxa3 12. Nf4 Qf8 13. g3 Nge7 14. Bh3 Qg8 15. O-O
Qh7 16. Bc1 b6 17. Ba3 O-O 18. Ng2 Rb8 19. Qe2 Rb7 20. Kh2 b5 21. Bc5 a5 22.
Ne3 b4 23. Kg2 Rb5 24. f4 Rd8 25. g4 Kh8 26. Qf2 f5 27. exf6 gxf6 28. Qh4 Qg7
29. Rf3 Rxc5 30. dxc5 bxc3 31. Rb6 a4 32. Rf1 Rd7 33. Ra1 Na5 34. Rd6 Nb7 35.
Nxc4 Rxd6 36. Nxd6 0-1

[Event "2BLW 1819 SV Koblenz - SC Remagen Sinzi"]
[Site "?"]
[Date "2018.10.21"]
[Round "1.3"]
[White "Popovic, Petar"]
[Black "Fritsche, Lutz"]
[Result "1/2-1/2"]
[WhiteElo "2448"]
[BlackElo "2303"]
[PlyCount "47"]
[EventDate "2018.??.??"]

1. e4 d6 2. d4 g6 3. Nf3 Bg7 4. Bc4 Nf6 5. Qe2 O-O 6. e5 dxe5 7. dxe5 Nd5 8. h3
Be6 9. O-O Nd7 10. Bb3 c6 11. Nd4 Nxe5 12. Nxe6 fxe6 13. c3 a5 14. Bc2 Qd6 15.
a4 Rad8 16. Na3 Qc5 17. Be4 Kh8 18. g3 Qb6 19. Kg2 Nf6 20. Bc2 Qc5 21. Bb3 Nd3
22. Be3 Qf5 23. Bc5 Nd5 24. Bxd5 1/2-1/2

[Event "2BLW 1819 SV Koblenz - SC Remagen Sinzi"]
[Site "?"]
[Date "2018.10.21"]
[Round "1.4"]
[White "Hammes, Michael"]
[Black "Cioara, Andrei-Nestor"]
[Result "1/2-1/2"]
[WhiteElo "2335"]
[BlackElo "2428"]
[PlyCount "53"]
[EventDate "2018.??.??"]

1. d4 Nf6 2. c4 e6 3. Nf3 b6 4. a3 Bb7 5. Nc3 d5 6. cxd5 Nxd5 7. Qa4+ c6 8. e4
Nxc3 9. bxc3 Nd7 10. Be2 Be7 11. O-O O-O 12. Rd1 Qc7 13. Be3 c5 14. d5 exd5 15.
exd5 Nf6 16. c4 Ng4 17. Bd2 Bd6 18. h3 Rad8 19. Bd3 Bh2+ 20. Kf1 Nxf2 21. Kxf2
Qg3+ 22. Kf1 Bc8 23. Be1 Qf4 24. Bd2 Qg3 25. Be1 Qf4 26. Bd2 Qg3 27. Be1
1/2-1/2

[Event "2BLW 1819 SV Koblenz - SC Remagen Sinzi"]
[Site "?"]
[Date "2018.10.21"]
[Round "1.5"]
[White "Polaczek, Richard"]
[Black "Doncevic, Dario"]
[Result "1-0"]
[WhiteElo "2369"]
[BlackElo "2263"]
[PlyCount "59"]
[EventDate "2018.??.??"]

1. d4 g6 2. Nf3 Bg7 3. e4 d6 4. Bc4 Nf6 5. Qe2 O-O 6. e5 dxe5 7. dxe5 Nd5 8. h3
Nb6 9. Bb3 a5 10. a4 Nc6 11. O-O Nd4 12. Nxd4 Qxd4 13. Re1 Be6 14. Bxe6 fxe6
15. Nd2 Nd5 16. Nf3 Qb4 17. Ra3 Rf5 18. Rb3 Qxa4 19. Rxb7 Raf8 20. Qa6 Rxf3 21.
Qxe6+ R3f7 22. Qxd5 Qxc2 23. Be3 c6 24. Qe6 Kh8 25. Rc1 Qe2 26. Rxe7 Rxe7 27.
Qxe7 Qxb2 28. e6 a4 29. Rd1 h6 30. Bd4 1-0

[Event "2BLW 1819 SV Koblenz - SC Remagen Sinzi"]
[Site "?"]
[Date "2018.10.21"]
[Round "1.6"]
[White "Stewart, Neil"]
[Black "Alienkin, Aleksander"]
[Result "0-1"]
[WhiteElo "2221"]
[BlackElo "2386"]
[PlyCount "116"]
[EventDate "2018.??.??"]

1. Nf3 Nf6 2. c4 e6 3. Nc3 Bb4 4. Qc2 d6 5. a3 Bxc3 6. Qxc3 O-O 7. b4 Nbd7 8.
Bb2 e5 9. g3 b6 10. Bg2 Bb7 11. O-O Re8 12. d3 c5 13. Rfd1 Qc7 14. Rac1 Nf8 15.
e3 Ne6 16. Qd2 Rad8 17. Rb1 h6 18. e4 Nd4 19. Bxd4 cxd4 20. Nh4 Bc8 21. h3 Qe7
22. a4 Be6 23. Ra1 Rb8 24. Kh2 Nd7 25. Qe1 Qd8 26. a5 b5 27. cxb5 Rxb5 28. Nf5
Bxf5 29. exf5 d5 30. Rdc1 Nf6 31. Qd2 Qd6 32. Rab1 Reb8 33. Re1 Rxb4 34. Rxb4
Qxb4 35. Qxb4 Rxb4 36. Rxe5 Kf8 37. f4 Ra4 38. g4 Rxa5 39. Bf3 Nd7 40. Rxd5
Rxd5 41. Bxd5 Nc5 42. Bc4 a5 43. Kg3 Na4 44. Kf3 Nc3 45. g5 f6 46. Kg4 a4 47.
Kh5 a3 48. Kg6 a2 49. Bxa2 Nxa2 50. gxf6 gxf6 51. Kxf6 Nb4 52. Ke5 Nxd3+ 53.
Kxd4 Nxf4 54. Ke5 Nxh3 55. Kf6 Nf4 56. Ke5 Nh5 57. Ke6 Kg7 58. Ke5 Kf7 0-1

[Event "2BLW 1819 SV Koblenz - SC Remagen Sinzi"]
[Site "?"]
[Date "2018.10.21"]
[Round "1.7"]
[White "Huhndorf, Arnold"]
[Black "Repplinger, Marc"]
[Result "1/2-1/2"]
[WhiteElo "2234"]
[BlackElo "2203"]
[PlyCount "40"]
[EventDate "2018.??.??"]

1. d4 d5 2. c4 e6 3. Nf3 c5 4. cxd5 exd5 5. g3 Nc6 6. Bg2 Nf6 7. O-O Be7 8. Nc3
O-O 9. dxc5 Bxc5 10. Na4 Be7 11. Be3 Re8 12. Rc1 Bg4 13. Nd4 Qd7 14. Nxc6 bxc6
15. f3 Bf5 16. Bd4 Rac8 17. a3 Qb7 18. Qd2 Nd7 19. Nc5 Nxc5 20. Bxc5 Qb5
1/2-1/2

[Event "2BLW 1819 SV Koblenz - SC Remagen Sinzi"]
[Site "?"]
[Date "2018.10.21"]
[Round "1.8"]
[White "Bohn, Thomas"]
[Black "Busch, Raimund"]
[Result "1-0"]
[WhiteElo "2324"]
[BlackElo "2250"]
[PlyCount "78"]
[EventDate "2018.??.??"]

1. f4 g6 2. Nf3 Bg7 3. e4 d6 4. Nc3 e5 5. fxe5 dxe5 6. Bc4 Ne7 7. O-O O-O 8. d3
h6 9. Qe1 Kh7 10. Qh4 f6 11. Ng5+ fxg5 12. Bxg5 Qd4+ 13. Kh1 Nf5 14. exf5 Bxf5
15. Nd5 Qxh4 16. Bxh4 Na6 17. Be7 Rfc8 18. Rae1 c6 19. Nf6+ Bxf6 20. Bxf6 b5
21. Bb3 Nc5 22. Rxe5 Nxb3 23. Re7+ Kg8 24. axb3 h5 25. h3 h4 26. Rg7+ Kf8 27.
Rh7 Kg8 28. Rxh4 Kf7 29. Bc3 Ke7 30. Rh6 Rg8 31. g4 Be6 32. Bb4+ Kd7 33. Rh7+
Kc8 34. Ba5 Re8 35. Kh2 Bd5 36. Rf6 g5 37. c4 bxc4 38. bxc4 Re2+ 39. Kg1 Re1+
1-0

[Event "2BLW 1819 SV Oberursel - Bochumer SV 02"]
[Site "?"]
[Date "2018.10.21"]
[Round "1.1"]
[White "Zaitsev, Mikhail"]
[Black "Dubiel, Jacek"]
[Result "1-0"]
[WhiteElo "2481"]
[BlackElo "2433"]
[PlyCount "93"]
[EventDate "2018.??.??"]

1. e4 e5 2. Nf3 Nc6 3. Nc3 Nf6 4. a3 g6 5. Bc4 Bg7 6. d3 d6 7. Be3 O-O 8. Qd2
Be6 9. Bxe6 fxe6 10. Bg5 Qd7 11. Bxf6 Rxf6 12. Ne2 Raf8 13. h4 Nd4 14. Nexd4
exd4 15. h5 Qb5 16. Qb4 a6 17. Qxb5 axb5 18. Ke2 c5 19. a4 b4 20. a5 R6f7 21.
hxg6 hxg6 22. a6 b6 23. Ra2 Ra7 24. Nd2 d5 25. g3 Rfa8 26. Rha1 Kf7 27. f4 Bf6
28. Nf3 Rh8 29. Kf2 Rh5 30. Kg2 Rh8 31. Rh1 Rxh1 32. Kxh1 Kg8 33. Kg2 Kf7 34.
b3 Kg8 35. g4 Kf7 36. exd5 exd5 37. g5 Bg7 38. Kg3 Ke6 39. Kg4 Kf7 40. Ra1 Ke6
41. Ra4 Bf8 42. Ra2 Bg7 43. Ra1 Bh8 44. Nh4 Kf7 45. f5 gxf5+ 46. Kxf5 Bg7 47.
Ng6 1-0

[Event "2BLW 1819 SV Oberursel - Bochumer SV 02"]
[Site "?"]
[Date "2018.10.21"]
[Round "1.2"]
[White "Heinz, Axel"]
[Black "Zatonskih, Anna"]
[Result "1-0"]
[WhiteElo "2435"]
[BlackElo "2431"]
[PlyCount "77"]
[EventDate "2018.??.??"]

1. e4 e6 2. d4 d5 3. Nd2 c5 4. Ngf3 cxd4 5. Nxd4 Nf6 6. exd5 Nxd5 7. N2f3 Bb4+
8. Bd2 O-O 9. c3 Bd6 10. Bc4 a6 11. O-O Nf4 12. Re1 Qc7 13. Bf1 Bd7 14. g3 Ng6
15. Bd3 Nc6 16. Qe2 Nxd4 17. Nxd4 e5 18. Nf5 Bc5 19. Rad1 Rad8 20. Bg5 Rde8 21.
Be4 f6 22. Bc1 Be6 23. Qf3 Rd8 24. h4 b5 25. Qg4 Rxd1 26. Rxd1 Re8 27. h5 Nf8
28. Bh6 Qf7 29. Qxg7+ Qxg7 30. Nxg7 Re7 31. Nxe6 Nxe6 32. b4 Ba7 33. Rd6 Nc7
34. Rxf6 Re8 35. Rc6 Re7 36. Rd6 Kf7 37. Bxh7 Ne6 38. Rxa6 e4 39. Bxe4 1-0

[Event "2BLW 1819 SV Oberursel - Bochumer SV 02"]
[Site "?"]
[Date "2018.10.21"]
[Round "1.3"]
[White "Illner, Achim"]
[Black "Michaelsen, Nils"]
[Result "1/2-1/2"]
[WhiteElo "2469"]
[BlackElo "2404"]
[PlyCount "35"]
[EventDate "2018.??.??"]

1. d4 d5 2. c4 dxc4 3. Nf3 Nf6 4. e3 e6 5. Bxc4 c5 6. O-O a6 7. dxc5 Bxc5 8.
Qxd8+ Kxd8 9. Nbd2 Ke7 10. Nb3 Bd6 11. Rd1 Nc6 12. Be2 Bd7 13. Nfd2 b5 14. a4
Rab8 15. axb5 axb5 16. Nb1 Rhc8 17. Ra6 Nd5 18. Nc3 1/2-1/2

[Event "2BLW 1819 SV Oberursel - Bochumer SV 02"]
[Site "?"]
[Date "2018.10.21"]
[Round "1.4"]
[White "Schlamp, Robert"]
[Black "Wolter, Detlev"]
[Result "1-0"]
[WhiteElo "2293"]
[BlackElo "2231"]
[PlyCount "71"]
[EventDate "2018.??.??"]

1. Nf3 c5 2. g3 b6 3. Bg2 Bb7 4. d3 g6 5. O-O Bg7 6. e4 e6 7. Nbd2 d6 8. a4 Ne7
9. Nc4 O-O 10. Bf4 e5 11. Bd2 Nbc6 12. Nh4 a6 13. c3 b5 14. Ne3 Kh8 15. f4 exf4
16. gxf4 f5 17. axb5 axb5 18. Rxa8 Bxa8 19. exf5 Nxf5 20. Nexf5 gxf5 21. Qh5
Ne7 22. Re1 Bxg2 23. Rxe7 Bf3 24. Ng6+ Kg8 25. Rxg7+ Kxg7 26. Nxf8 Qa8 27. Ne6+
Kf6 28. Qh6+ Ke7 29. Ng5 Qa1+ 30. Kf2 Bd5 31. Qxh7+ Kd8 32. Qxf5 Qh1 33. Qh3
Qd1 34. Qe3 Kd7 35. f5 Kc6 36. c4 1-0